• 首页
  • 本馆介绍
  • 公告通知
  • 最新文献
  • 馆藏检索
  • 电子资源
  • 读者导购
  • 参考咨询
  • 我的图书馆
  • 登录
  • 详细信息显示
  • 放入我的书架
  • 预约/预借图书
  • 作者相关作品
  • 分类相关作品
  • 丛书相关作品
  • 出版社相关作品

书目信息

  • 表格格式
  • 工作单格式
  • 卡片格式
题名:
渲染王
    
 
作者: ;杭州博艺智联广告公司 编著
分册:  
出版信息: 北京   清华大学出版社  2009
页数: 10,375页
开本: 29cm
丛书名:
单 册:
中图分类: TP391.41 , TU238-39
科图分类:
主题词: 三维--动画--计算机图形学 , 三维--室内装饰--计算机辅助设计 , 三维 , 动画 , 计算机图形学 , 室内装饰 , 计算机辅助设计
电子资源:
ISBN: 978-7-302-18302-0
000 01279nam0 2200337 45
001 1034589163
005 20100318094839.79
010    @a978-7-302-18302-0@dCNY89.00
100    @a20100312d2009 em y0chiy50 ea
101 0  @achi
102    @aCN@b110000
105    @aa z 000yy
106    @ar
200 1  @a渲染王@AXuan Ran Wang@e3ds Max+VRay室内家居效果图表现技法@E3ds Max+VRay Shi Nei Jia Ju Xiao Guo Tu Biao Xian Ji Fa@f博艺智联编著@FBo Yi Zhi Lian Bian Zhu
210    @a北京@c清华大学出版社@d2009
215    @a10,375页@c彩图(20页)@d29cm@e附光盘1片
307    @a附光盘:ISBN 978-7-89474-273-5
330    @a本书讲解了如何使用VRay渲染器,渲染逼真的室内家居效果图。书中既有对VRay软件技术的全面讲解,更讲解了16个完整的家居效果图渲染案例。
517 1  @a3ds Max+VRay室内家居效果图表现技法@A3ds Max+VRay Shi Nei Jia Ju Xiao Guo Tu Biao Xian Ji Fa
606 0  @a三维@x动画@x计算机图形学
606 0  @a三维@x室内装饰@x计算机辅助设计
606 0  @a三维
606 0  @a动画
606 0  @a计算机图形学
606 0  @a室内装饰
606 0  @a计算机辅助设计
690    @aTP391.41@v4
690    @aTU238-39@v4
711 02 @a杭州博艺智联广告公司@AHang Zhou Bo Yi Zhi Lian Guang Gao Gong Si@4编著
801  0 @aCN@bTANGWEI@c20100318
905    @b0586602-04@dTP391.41@e730@f3
    
    渲染王:3ds Max+VRay室内家居效果图表现技法/博艺智联编著.-北京:清华大学出版社,2009
    10,375页:彩图(20页);29cm+附光盘1片
    
    
    ISBN 978-7-302-18302-0:CNY89.00
    本书讲解了如何使用VRay渲染器,渲染逼真的室内家居效果图。书中既有对VRay软件技术的全面讲解,更讲解了16个完整的家居效果图渲染案例。
●
相关链接 在E读中查询图书 在五车中查询图书 在当当中查询图书 在豆瓣中查询图书


正题名:渲染王     索取号:TP391.41/730         预约/预借

序号 登录号 条形码 馆藏地/架位号 状态 备注
1 0586602   205866026   第二样本阅览室/ [索取号:TP391.41/730] 在馆    
2 0586603   205866035   第三借阅区/ [索取号:TP391.41/730] 在馆    
3 0586604   205866044   密集书库-物理学院/ [索取号:TP391.41/730] 在馆    
唐山师范学院图书馆 欢迎您!
大连网信软件有限公司© 版权所有